Equipes de football de L1, L2 et National - Statistiques

Statistiques générales
  • Ce quiz a été pris 740 fois
  • Le résultat moyen est 36 sur 58
Statistiques - réponses
Clubs % Correct
Olympique de Marseille
99%
Paris Saint Germain
99%
Olympique Lyonnais
97%
Lille OSC
95%
AS Saint Etienne
94%
Stade Rennais FC
93%
FC Girondins de Bordeaux
92%
AS Monaco
91%
OGC Nice
91%
AJ Auxerre
90%
FC Nantes
90%
RC Lens
89%
RC Strasbourg Alsace
88%
Toulouse FC
88%
Montpellier HSC
86%
Stade Brestois 29
85%
FC Lorient
82%
FC Metz
82%
AC Ajaccio
81%
Stade de Reims
81%
SC Bastia
80%
Angers SCO
76%
Clermont Foot 63
74%
FC Sochaux Montbeliard
74%
SM Caen
74%
Dijon FCO
73%
Le Havre AC
73%
Paris FC
73%
AS Nancy Lorraine
72%
EA Guingamp
71%
Nimes Olympique
71%
ES Troyes AC
70%
Amiens SC
69%
Valenciennes FC
65%
Red Star FC
62%
Evian TG FC
60%
US Orléans LF
55%
Tours FC
54%
Chamois Niortais FC
53%
Stade Lavallois MFC
51%
LB Chateauroux
46%
SL Dunkerque
46%
GFC Ajaccio
44%
US Boulogne CO
37%
US Créteil Lusitanos
36%
FC Istres
32%
AC Arles Avignon
31%
SR Colmar
24%
US Avranches
22%
FC Chambly
21%
Marseille Consolat
18%
FC Bourg-Peronnas
17%
SAS Epinal
17%
CA Bastia
16%
EFC Fréjus Saint Raphaël
14%
Luçon VF
12%
Le Poiré sur Vie
11%
US Colomiers
8%
Aucun quiz correspondant
Distribution des résultats
% des personnes avec chaque résultat
Percentile par nombre de réponses
Votre historique - résultats
Vous n’avez pas pris ce quiz